书目信息 |
| 题名: |
国学入门
|
|
| 作者: | 龚鹏程 著 | |
| 分册: | ||
| 出版信息: | 北京 北京大学出版社 2007.08 |
|
| 页数: | 246页 | |
| 开本: | 23cm | |
| 丛书名: | ||
| 单 册: | ||
| 中图分类: | Z126 | |
| 科图分类: | ||
| 主题词: | 国学--guo xue--基本知识 | |
| 电子资源: | ||
| ISBN: | 978-7-301-12483-3 | |
| 000 | 00735nam0 2200229 450 | |
| 001 | 012009949296 | |
| 005 | 20090108162249.06 | |
| 010 | @a978-7-301-12483-3@dCNY28.00 | |
| 100 | @a20090108d2007 em y0chiy0120 ea | |
| 101 | 0 | @achi |
| 102 | @aCN@b110000 | |
| 105 | @ay z 000yy | |
| 106 | @ar | |
| 200 | 1 | @a国学入门@Aguo xue ru men@f龚鹏程著@Fgong peng cheng zhu |
| 210 | @a北京@c北京大学出版社@d2007.08 | |
| 215 | @a246页@d23cm | |
| 330 | @a本书的主要内容有:名义、材料、方法、语言、文字、经、道、史、佛、集、儒、子、国学的讲说:康有为、国学的讲说:章太炎等。 | |
| 606 | 0 | @a国学@Aguo xue@x基本知识 |
| 690 | @aZ126@v4 | |
| 701 | 0 | @a龚鹏程@Agong peng cheng@4著 |
| 801 | 0 | @aCN@bQSSK@c20090108 |
| 905 | @b736763-65@dZ126@eG386@f3 | |
| 国学入门/龚鹏程著.-北京:北京大学出版社,2007.08 |
| 246页;23cm |
| ISBN 978-7-301-12483-3:CNY28.00 |
| 本书的主要内容有:名义、材料、方法、语言、文字、经、道、史、佛、集、儒、子、国学的讲说:康有为、国学的讲说:章太炎等。 |
| ● |
| 相关链接 |
|
|
|
正题名:国学入门
索取号:Z126/G386
 
预约/预借
| 序号 | 登录号 | 条形码 | 馆藏地/架位号 | 状态 | 备注 |
| 1 | 736763 | 207367632 | 期刊室512/501自科库 123排2列1层/ [索取号:Z126/G386] | 在馆 | |
| 2 | 736764 | 207367641 | 自科库501/501自科库 123排2列1层/ [索取号:Z126/G386] | 在馆 | |
| 3 | 736765 | 207367650 | 自科库501/501自科库 123排2列1层/ [索取号:Z126/G386] | 在馆 |